Environmentálna dimenzia ekonomického rozvoja

Koncept ekonomického rastu je spochybňovaný už vyše štyridsať rokov predovšetkým kvôli jeho dopadu na životné prostredie. Príspevok hodnotí vybrané problémy ekonomického rastu a porovnáva dve protichodné teórie - hypotézu faktorového vybavenia a hypotézu raja znečistenia.

Enregistré dans:
Détails bibliographiques
Auteur principal: Fifeková, Elena
Format: Chapitre de livre
Langue:slovaque
Sujets:
Tags: Ajouter un tag
Pas de tags, Soyez le premier à ajouter un tag!

MARC

LEADER 00000nla a2200000 4500
001 0169731
005 20240502072935.6
041 0 |a slo 
044 |a SK 
245 1 0 |a Environmentálna dimenzia ekonomického rozvoja  |c Elena Fifeková 
520 |a Koncept ekonomického rastu je spochybňovaný už vyše štyridsať rokov predovšetkým kvôli jeho dopadu na životné prostredie. Príspevok hodnotí vybrané problémy ekonomického rastu a porovnáva dve protichodné teórie - hypotézu faktorového vybavenia a hypotézu raja znečistenia. 
610 2 0 |a rast hospodársky 
610 2 0 |a znečistenie prostredia životného 
610 2 0 |a krajiny rozvojové 
610 2 0 |a krajiny vyspelé 
100 1 |a Fifeková, Elena